Illness among children; (Record no. 34453)
[ view plain ]
| 000 -LEADER | |
|---|---|
| fixed length control field | 01145cam a22002891 4500 |
| 001 - CONTROL NUMBER | |
| control field | hew63000144 |
| 003 - CONTROL NUMBER IDENTIFIER | |
| control field | DLC |
| 005 - DATE AND TIME OF LATEST TRANSACTION | |
| control field | 20260227111512.0 |
| 008 - FIXED-LENGTH DATA ELEMENTS--GENERAL INFORMATION | |
| fixed length control field | 960224s1963 dcua bs f000 0 eng |
| 010 ## - LIBRARY OF CONGRESS CONTROL NUMBER | |
| LC control number | hew63000144 |
| 035 ## - SYSTEM CONTROL NUMBER | |
| System control number | (OCoLC)34261594 |
| 040 ## - CATALOGING SOURCE | |
| Original cataloging agency | DLC |
| Transcribing agency | OrPS |
| Modifying agency | OCoLC |
| -- | DLC |
| 042 ## - AUTHENTICATION CODE | |
| Authentication code | premarc |
| 043 ## - GEOGRAPHIC AREA CODE | |
| Geographic area code | n-us--- |
| 050 00 - LIBRARY OF CONGRESS CALL NUMBER | |
| Classification number | RJ59 |
| Item number | .S3 |
| 100 1# - MAIN ENTRY--PERSONAL NAME | |
| Personal name | Schiffer, Clara G. |
| 245 10 - TITLE STATEMENT | |
| Title | Illness among children; |
| Remainder of title | from U.S. National Health Survey |
| Statement of responsibility, etc. | [by]Clara G. Schiffer [and] Eleanor P. Hunt. |
| 260 ## - PUBLICATION, DISTRIBUTION, ETC. | |
| Place of publication, distribution, etc. | [Washington] |
| Name of publisher, distributor, etc. | U.S. Dept. of Health, Education, and Welfare, Welfare Administration, Children's Bureau; |
| -- | [for sale by the Superintendent of Documents, U.S. Govt. Print. Off.] |
| Date of publication, distribution, etc. | 1963 |
| 300 ## - PHYSICAL DESCRIPTION | |
| Extent | vi, 107 p. |
| Other physical details | diagrs., tables. |
| Dimensions | 24 cm. |
| 490 1# - SERIES STATEMENT | |
| Series statement | U.S. Children's Bureau. Publication |
| Volume/sequential designation | no. 405 |
| 504 ## - BIBLIOGRAPHY, ETC. NOTE | |
| Bibliography, etc. note | Bibliography: p. 54-55. |
| 650 #0 - SUBJECT ADDED ENTRY--TOPICAL TERM | |
| Topical term or geographic name entry element | Children |
| General subdivision | Diseases |
| Form subdivision | Statistics. |
| 651 #0 - SUBJECT ADDED ENTRY--GEOGRAPHIC NAME | |
| Geographic name | United States |
| General subdivision | Statistics, Medical. |
| 700 1# - ADDED ENTRY--PERSONAL NAME | |
| Personal name | Hunt, Eleanor P. |
| Fuller form of name | (Eleanor Phelps), |
| Dates associated with a name | 1899- |
| 710 2# - ADDED ENTRY--CORPORATE NAME | |
| Corporate name or jurisdiction name as entry element | National Health Interview Survey (U.S.) |
| 830 #0 - SERIES ADDED ENTRY--UNIFORM TITLE | |
| Uniform title | Publication (United States. Children's Bureau); |
| Volume/sequential designation | no. 405. |
No items available.